00945nam a22002177a 450000500170000001000180001702000480003502000430008302000430012603500160016903700130018508200150019824500370021326000310025027000850028130000450036694200290041199900170044095201350045795201350059220140307113144.0 aENG-109005-06 a9789351430018(set)c2750.00(set of 2 vols.) a9789351430513c2750.00(set of 2 vols.) a9789351430520c2750.00(set of 2 vols.) aEN-92538-39 bDBAD/PUB a338.520954 aTransfer pricing :bcase digest  aGurgaonbLexis Nexisc2014 a14th floor, Building No 10, Tower-B, DLF Cyber City, Phase-ll, bGurgaone122002 a2V.(1154p. ; xliv,1155-1968p.)c25cm(Hb) 2ddccENmTRAh338.520954 c81472d81472 00103v.140718NFICaDBADbDBADd2013-12-24eDBAD/PUBg2750.00l0o338.520954 TRApEN-92538r2013-12-24 00:00:00t1v2750.00yEN 00103v.240718NFICaDBADbDBADd2013-12-24eDBAD/PUBg2750.00l0o338.520954 TRApEN-92539r2013-12-24 00:00:00t1v2750.00yEN